书目信息 |
| 题名: |
海岸带地质环境与城市发展论文集
|
|
| 作者: | ;中国地质调查局 | |
| 分册: | ||
| 出版信息: | 北京 中国大地出版社 2005.80 |
|
| 页数: | ||
| 开本: | 16开 | |
| 丛书名: | ||
| 单 册: | ||
| 中图分类: | F299.2-53 | |
| 科图分类: | ||
| 主题词: | 城市经济 , 市政经济 | |
| 电子资源: | ||
| ISBN: | 7-80097-784-6 | |
| 000 | 00630nam0 2200193 450 | |
| 001 | 0736196517 | |
| 005 | 20070924100316.51 | |
| 010 | @a7-80097-784-6@d¥128.00 | |
| 100 | @a20070924d km y0chiy0120 ea | |
| 101 | 0 | @achi |
| 200 | 1 | @a海岸带地质环境与城市发展论文集@Ahai an dai di zhi huan jing yu cheng shi fa zhan lun wen ji@f中国地质调查局@Fzhong guo di zhi diao cha ju |
| 210 | @a北京@c中国大地出版社@d2005.80 | |
| 215 | @d16开 | |
| 606 | 0 | @a城市经济 |
| 606 | 0 | @a市政经济 |
| 690 | @aF299.2-53@v3 | |
| 711 | 02 | @a中国地质调查局@Azhong guo di zhi diao cha ju |
| 801 | 0 | @aCN@bPFT@c20070924 |
| 905 | @a213230@dF299.2-53@eZY12@f1 | |
| 海岸带地质环境与城市发展论文集/中国地质调查局.-北京:中国大地出版社,2005.80 |
| 16开 |
| ISBN 7-80097-784-6:¥128.00 |
| ● |
| 相关链接 |
|
|
|
|
正题名:海岸带地质环境与城市发展论文集
索取号:F299.2-53/ZY12
 
预约/预借
| 序号 | 登录号 | 条形码 | 馆藏地/架位号 | 状态 | 备注 |
| 1 | 7902554 | 279025546 | 密集书库-资源管理系/ [索取号:F299.2-53/ZY12] | 在馆 |